Sports Quiz

Random Sports or NFL Quiz

NFL Randy Moss's Quarterbacks Quiz Stats

 Plays Quiz Updated Jan 3, 2013

Challenge
Share
Tweet
Embed
Score 0/13 Timer 03:00
2 Plays Today
Seasons Quarterback % Correct
New England (2007, 2009-2010)Tom Brady
99.3%
Minnesota (2000-2004)Daunte Culpepper
84.2%
Minnesota (2010)Brett Favre
82.5%
San Francisco (2012)Alex Smith
79.5%
New England (2008)Matt Cassel
78.8%
San Francisco (2012)Colin Kaepernick
71%
Minnesota (1998-1999)Randall Cunningham
48.8%
Minnesota (1998)Brad Johnson
38.6%
Oakland (2005)Kerry Collins
22.4%
Minnesota (1999)Jeff George
19.1%
Minnesota (2003)Gus Frerotte
15.5%
Oakland (2006)Andrew Walter
10.4%
Minnesota (2001)Todd Bouman
4.5%

You're not logged in!

Compare scores with friends on all Sporcle quizzes.
Join for Free
OR
Log In

You Might Also Like...

Show Comments

Extras

Top Quizzes Today


Score Distribution

Your Account Isn't Verified!

In order to create a playlist on Sporcle, you need to verify the email address you used during registration. Go to your Sporcle Settings to finish the process.

Report this User

Report this user for behavior that violates our Community Guidelines.

Details: